000 00248nam a2200097Ia 4500
001 700559
005 20250826162255.0
008 250824s9999 xx 000 0 und d
245 0 _aİçimizdeki Çocuk
_cDOĞAN CÜCELOĞLU
260 _bREMZİ KİTABEVİ
999 _c700559
_d700559